000 004400000a22001690004500
003 MACL
005 20151230151517.0
008 151230b xxu||||| |||| 00| 0 eng d
040 _aMACL
_cMACL
041 _aEnglish
082 _a320.157/SIN
100 _aSinha, H N
_925048
245 _aSovereignty in Ancient Indian Polity
260 _bLuzac & Company Ltd
_c1938
650 _aPolitical Science
_925049
942 _cBK
_k320.157/SIN
_2ddc
999 _c38818
_d38818